000 00354nam a22001457a 4500
003 OSt
008 240409b |||||||| |||| 00| 0 eng d
020 _a9788193115749
100 _aMURUGAN,Annamalai
245 _aPersonality Development and Soft Skills
250 _a1st Ed
260 _aNew Delhi
_bBest Pub
_c2023
300 _a285
942 _2ddc
_cREF
999 _c12421
_d12421